Sports Quiz

Random Sports or Basketball Quiz
Score 0/200 Timer 20:00
10 Plays Today
Team(s) Player % Correct
GSWStephen Curry
98.8%
CLELeBron James
98.6%
HOUJames Harden
98.1%
OKCKevin Durant
97.7%
OKCRussell Westbrook
97%
SASDavid West
95.9%
GSWKlay Thompson
94.9%
INDPaul George
94.5%
CLETristan Thompson
93.7%
PORDamian Lillard
93.6%
PHIHollis Thompson
93.6%
BOSIsaiah Thomas
91.6%
NYKCarmelo Anthony
90.9%
SACDeMarcus Cousins
90.9%
TORDeMar DeRozan
90.9%
WASJohn Wall
90.3%
TORKyle Lowry
89.5%
LACChris Paul
89.5%
NOPAnthony Davis
88.9%
POREd Davis
88.3%
MIADwyane Wade
87.3%
CHAKemba Walker
87.1%
SASKawhi Leonard
86%
MINKarl-Anthony Towns
85.4%
MINAndrew Wiggins
84.6%
LACBlake Griffin
84%
CLEKyrie Irving
81.9%
CHIJimmy Butler
81.9%
UTAGordon Hayward
81.2%
CLEKevin Love
81%
DALDirk Nowitzki
80.9%
BKNBrook Lopez
80.8%
NYKRobin Lopez
80.3%
DETAndre Drummond
79.8%
SASTony Parker
79.4%
MILJabari Parker
79.2%
GSWDraymond Green
78.5%
SASDanny Green
78.1%
MEM/LACJeff Green
78%
MIAGerald Green
78%
MEMJaMychal Green
77.9%
LACDeAndre Jordan
77.9%
PORC.J. McCollum
77%
ATLAl Horford
73.5%
CHIDerrick Rose
73.1%
LALKobe Bryant
72.7%
DETReggie Jackson
72.5%
SASLaMarcus Aldridge
71.9%
ATLPaul Millsap
70.6%
CHIPau Gasol
70.3%
MEMMarc Gasol
70.3%
MILGiannis Antetokounmpo
68.6%
CLEJ.R. Smith
66.3%
SASPatty Mills
66.1%
NOP/PHIIshmael Smith
65.9%
ATLJeff Teague
65.8%
ORLJason Smith
65.8%
WASBradley Beal
65.1%
HOUDwight Howard
64.7%
LALD'Angelo Russell
64.5%
DALDeron Williams
62.8%
LALLouis Williams
62.7%
CHAMarvin Williams
62.6%
NYKDerrick Williams
62.6%
BKN/MIAJoe Johnson
60.9%
BOSAmir Johnson
60.7%
DETStanley Johnson
60.7%
Team(s) Player % Correct
LACWesley Johnson
60.6%
LACJ.J. Redick
56.4%
ORLAaron Gordon
56.2%
NOPEric Gordon
56.1%
MILKhris Middleton
55.6%
ATLKyle Korver
55.2%
ORLVictor Oladipo
54.3%
MIAHassan Whiteside
52%
PHXDevin Booker
51.7%
LACJamal Crawford
50.7%
MIAChris Bosh
50.6%
NYKKristaps Porzingis
50.6%
OKCSerge Ibaka
50.4%
SACRudy Gay
50.3%
NOPJrue Holiday
49.4%
ORL/DETTobias Harris
49.3%
DENGary Harris
49.2%
UTARudy Gobert
49.2%
MINZach LaVine
49.1%
SACRajon Rondo
49.1%
MEMMike Conley
48.8%
MINRicky Rubio
48.7%
PHXEric Bledsoe
48.6%
OKCSteven Adams
48.4%
INDGeorge Hill
47%
INDJordan Hill
46.8%
BOSAvery Bradley
46.5%
MIAGoran Dragic
46.4%
ORLNikola Vucevic
46.3%
SASManu Ginobili
46.1%
MILGreg Monroe
45.6%
WASMarcin Gortat
44.8%
LALJordan Clarkson
44.5%
GSWHarrison Barnes
44%
MEMMatt Barnes
43.9%
MEMZach Randolph
43.8%
CHAJeremy Lin
43%
BKNThaddeus Young
42.9%
CHAAl Jefferson
41.2%
DENNikola Jokic
39.9%
BOSJae Crowder
39.7%
DETMarcus Morris
39.4%
PHX/WASMarkieff Morris
39.4%
UTADerrick Favors
39.2%
LALJulius Randle
39%
PHIJahlil Okafor
38.3%
INDMyles Turner
38%
OKCEnes Kanter
38%
BOSEvan Turner
38%
NOPRyan Anderson
37.7%
ATLDennis Schroder
36.5%
CHANicolas Batum
36.4%
ORLElfrid Payton
36.2%
DENDanilo Gallinari
35.8%
INDMonta Ellis
34.8%
DENKenneth Faried
34.5%
HOUTrevor Ariza
34.2%
PHXBrandon Knight
34.1%
ORLEvan Fournier
33.6%
MIALuol Deng
33.3%
WASOtto Porter
32.7%
MEMTony Allen
32.5%
PHINerlens Noel
32.5%
DENEmmanuel Mudiay
31.2%
BOSMarcus Smart
30.8%
DETKentavious Caldwell-Pope
30.3%
MEM/CHACourtney Lee
29.9%
Team(s) Player % Correct
DALChandler Parsons
29.6%
SACDarren Collison
28.3%
TORJonas Valanciunas
28.1%
UTARodney Hood
27.5%
OKCDion Waiters
27.1%
CHITaj Gibson
26.9%
ATLKent Bazemore
26%
DALWesley Matthews
25.6%
PORMason Plumlee
25.3%
MILMichael Carter-Williams
25%
HOUPatrick Beverley
24%
PHXAlex Len
24%
CHACody Zeller
23.6%
CHINikola Mirotic
23%
TORTerrence Ross
22.3%
DENWill Barton
22.1%
LACAustin Rivers
22%
UTATrey Burke
21.5%
PHIRobert Covington
20.8%
BOSKelly Olynyk
19.7%
HOUClint Capela
19.6%
BOSJared Sullinger
19.5%
MINGorgui Dieng
19.4%
LAC/MEMLance Stephenson
18.9%
PORAl-Farouq Aminu
18.8%
DALJ.J. Barea
17.7%
DALZaza Pachulia
17.1%
NYKJose Calderon
16.2%
TORPatrick Patterson
16.2%
PHXP.J. Tucker
16.1%
MIA/MEMMario Chalmers
15.7%
NYKArron Afflalo
15.4%
INDC.J. Miles
15%
PORAllen Crabbe
14.9%
BKNBojan Bogdanovic
14.8%
SACBen McLemore
14.6%
DET/ORLErsan Ilyasova
14.6%
CLEMatthew Dellavedova
14.3%
DALRaymond Felton
14%
CHIDoug McDermott
13.8%
PHIJerami Grant
13.4%
TORCory Joseph
13%
TORLuis Scola
11.4%
CHAJeremy Lamb
11.3%
HOUCorey Brewer
11%
PORGerald Henderson
10.9%
MINShabazz Muhammad
10.5%
CHAFrank Kaminsky
10.4%
SACMarco Belinelli
10%
WASJared Dudley
9.9%
MILJerryd Bayless
9.7%
PHINik Stauskas
9.4%
SACOmri Casspi
9.4%
PHXMirza Teletovic
9.2%
INDIan Mahinmi
8.4%
NYKLangston Galloway
8.2%
SACKosta Koufos
8.1%
WASRamon Sessions
7.7%
PHIIsaiah Canaan
7.5%
BKNShane Larkin
6%
WASGarrett Temple
6%
BKNWayne Ellington
6%
PHXJon Leuer
5.7%
HOU/WASMarcus Thornton
5.7%
DENDarrell Arthur
4.6%
NOPToney Douglas
3.5%

You're not logged in!

Compare scores with friends on all Sporcle quizzes.
OR
Log In

Sporcle TV

Today on Sporcle TV


Watch our educational content, quiz creation guides, and fun videos on Sporcle TV.

Show Comments

Extras

Top Quizzes Today


Score Distribution

Paid Content

Your Account Isn't Verified!

In order to create a playlist on Sporcle, you need to verify the email address you used during registration. Go to your Sporcle Settings to finish the process.

Report this User

Report this user for behavior that violates our Community Guidelines.

Details: